[Event "9th Asrian Memorial 2016"]
[Site "Yerevan ARM"]
[Date "2016.06.24"]
[Round "9.14"]
[White "Igonin, Temur"]
[Black "Barseghyan, Armen Ar."]
[Result "1-0"]
[WhiteTitle "IM"]
[WhiteElo "2474"]
[BlackElo "1849"]
[WhiteFideId "14203049"]
[BlackFideId "13306707"]
[EventDate "2016.06.16"]

1. e4 c5 2. Nf3 d6 3. d4 cxd4 4. Nxd4 Nf6 5. Nc3 g6 6. Be3 Bg7 7. f3 O-O 8. Qd2
Nc6 9. O-O-O d5 10. exd5 Nxd5 11. Nxc6 bxc6 12. Bd4 Nxc3 13. Qxc3 Bh6+ 14. Be3
Bxe3+ 15. Qxe3 Qa5 16. Bc4 Ba6 17. Bxa6 Qxa6 18. Kb1 Rfe8 19. h4 Rab8 20. b3 h5
21. g4 Rb5 22. c4 Ra5 23. Rd2 Rb8 24. gxh5 Rxh5 25. Qxe7 Qa5 26. Rhd1 Qf5+ 27.
Kc1 Qxf3 28. Qxa7 Qc3+ 29. Kb1 Rxb3+ 30. axb3 Qxb3+ 31. Kc1 Qxc4+ 32. Rc2 Qf4+
33. Kb1 Rb5+ 34. Ka1 Rb4 35. Qc5 Rb5 36. Qd4 Qf3 37. Rb2 Ra5+ 38. Ra2 Rxa2+ 39.
Kxa2 Qe2+ 40. Rd2 Qa6+ 41. Kb3 Qb5+ 42. Qb4 Qe5 43. Rd8+ Kh7 44. Qd4 Qb5+ 45.
Kc3 Qa5+ 46. Kd3 Qf5+ 47. Ke2 Qe6+ 48. Kf2 Qa2+ 49. Kf3 Qa3+ 50. Kg2 Qa2+ 51.
Kg3 Qa3+ 52. Kg4 f5+ 53. Kf4 Qc1+ 54. Ke5 Qe1+ 55. Kf6 1-0

[Event "9th Asrian Memorial 2016"]
[Site "Yerevan ARM"]
[Date "2016.06.24"]
[Round "9.15"]
[White "Kalashian, David"]
[Black "Harutyunian, Tigran K."]
[Result "0-1"]
[WhiteTitle "IM"]
[BlackTitle "IM"]
[WhiteElo "2316"]
[BlackElo "2462"]
[WhiteFideId "13302418"]
[BlackFideId "13303635"]
[EventDate "2016.06.16"]

1. e4 e5 2. Nf3 Nc6 3. d4 exd4 4. Nxd4 Bc5 5. Nxc6 Qf6 6. Qf3 bxc6 7. Nd2 d6 8.
Nb3 Bb6 9. Bd2 Qxf3 10. gxf3 Ne7 11. c4 c5 12. Rg1 O-O 13. Bc3 f6 14. O-O-O a5
15. Na1 a4 16. Nc2 Ba5 17. Bxa5 Rxa5 18. Na3 Ng6 19. Nb5 Rf7 20. Bd3 Be6 21. Kc2
Nf4 22. Rge1 g5 23. Bf1 Ng6 24. Re3 Ne5 25. Kc3 h5 26. Be2 Kh7 27. Rg1 Kh6 28.
Bd3 Ra8 29. Be2 Rb8 30. Rd1 Rb7 31. b3 Rf8 32. Ra1 Ra8 33. Bd1 axb3 34. Bxb3 Bd7
35. a4 Bxb5 36. cxb5 Rxb5 37. f4 gxf4 38. Rh3 Rb4 39. Bd1 f3 40. Bxf3 Nxf3 41.
Rxf3 Raxa4 42. Rxa4 Rxa4 43. Rxf6+ Kg7 44. e5 Re4 45. f4 h4 46. Kd3 Re1 47. Re6
h3 48. Re7+ Kg6 49. Re6+ Kh5 50. Re7 Kg6 51. Re6+ Kh5 52. Re7 Kg4 53. exd6 Rd1+
54. Ke2 Rxd6 55. Rxc7 Ra6 56. Rxc5 Ra2+ 57. Ke3 Rxh2 58. f5 Rg2 59. f6 h2 60.
Rc4+ Kg3 61. f7 h1=Q 62. f8=Q Qe1+ 63. Kd4 Rd2+ 64. Kc5 Qe5+ 65. Kb4 Rb2+ 66.
Ka3 Rb8 0-1

[Event "9th Asrian Memorial 2016"]
[Site "Yerevan ARM"]
[Date "2016.06.24"]
[Round "9.16"]
[White "Hoghmrtsyan, Artur"]
[Black "Hovhannisyan, Karen G."]
[Result "1/2-1/2"]
[WhiteElo "1870"]
[BlackElo "2244"]
[WhiteFideId "13306685"]
[BlackFideId "13306618"]
[EventDate "2016.06.16"]

1. d4 d6 2. c4 e5 3. Nf3 exd4 4. Nxd4 g6 5. g3 Bg7 6. Bg2 Ne7 7. Nc3 O-O 8. Bg5
h6 9. Be3 Nbc6 10. Nxc6 Nxc6 11. Qd2 Kh7 12. O-O Be6 13. b3 Qd7 14. Rfd1 b6 15.
Rac1 Rae8 16. c5 bxc5 17. Bxc5 Bh3 18. Bh1 h5 19. Ne4 Kh8 20. Be3 Ne7 21. Bd4 f6
22. Qb2 Ng8 23. Nc3 c6 24. Bc5 Re6 25. Qa3 Rd8 26. Qxa7 Qe8 27. Be3 Ne7 28. Bd2
d5 29. Re1 Nf5 30. Qa6 Nd6 31. Bf4 g5 32. Bxd6 Rexd6 33. Qd3 f5 34. Bg2 Bxg2 35.
Kxg2 Qf7 36. e3 d4 37. exd4 Rxd4 38. Qe2 Rd2 39. Qe6 Qf8 40. Qe7 Qxe7 41. Rxe7
Rb2 42. Rf7 f4 43. gxf4 g4 44. Ne4 Kg8 45. Rf5 h4 46. Rg5 Rd4 47. Nf6+ Kf7 48.
Nxg4 Rxf4 49. Rxc6 Bd4 50. Rc4 Rxa2 51. h3 Ke6 52. Ra4 Rb2 53. Rb4 Rd2 54. Rg8
Kd5 55. Rd8+ Ke4 56. Re8+ 1/2-1/2

[Event "9th Asrian Memorial 2016"]
[Site "Yerevan ARM"]
[Date "2016.06.24"]
[Round "9.17"]
[White "Shmavonyan, Areg"]
[Black "Danielyan, Vahe"]
[Result "0-1"]
[BlackTitle "FM"]
[WhiteElo "1995"]
[BlackElo "2240"]
[WhiteFideId "13309420"]
[BlackFideId "13304828"]
[EventDate "2016.06.16"]

1. d4 Nf6 2. c4 g6 3. Nc3 Bg7 4. Nf3 O-O 5. Bf4 d6 6. e3 Nbd7 7. h3 b6 8. Be2
Bb7 9. O-O Ne4 10. Nxe4 Bxe4 11. Bh2 c5 12. Qd2 Rc8 13. Rac1 cxd4 14. exd4 d5
15. b3 Nf6 16. Be5 dxc4 17. bxc4 Bxf3 18. Bxf3 Ne4 19. Bxe4 Bxe5 20. Rfd1 Bf6
21. Qe3 e6 22. Rc2 e5 23. d5 Bg5 24. Qa3 f5 25. Bf3 Rc5 26. d6 e4 27. Be2 Qd7
28. Qg3 f4 29. Qg4 Rff5 30. h4 h5 31. Qh3 Bf6 32. f3 e3 33. Rcc1 Rc6 34. c5
Rcxc5 35. Bd3 e2 36. Bxe2 Rxc1 37. Rxc1 Qxd6 38. Bc4+ Kg7 39. Bb3 Bd4+ 40. Kh1
Bf2 41. Rd1 Qe7 42. Bc4 Re5 43. g4 Re1+ 44. Rxe1 Qxe1+ 45. Qf1 Qxf1+ 46. Bxf1
hxg4 47. fxg4 Bxh4 48. Kg2 Kf6 49. Kf3 Ke5 50. Ke2 Kd4 51. Bg2 b5 52. Bc6 b4 53.
Kd2 a5 54. Be8 g5 55. Bc6 Bg3 56. Bb5 f3 57. Bc6 Bf4+ 58. Ke1 Ke3 59. Bb5 Bg3+
60. Kd1 f2 61. Ba6 Kf3 62. Bb7+ Kxg4 63. Ke2 Kf4 64. Bc6 Ke5 65. Bg2 Kd4 66. Kd2
a4 0-1

[Event "9th Asrian Memorial 2016"]
[Site "Yerevan ARM"]
[Date "2016.06.24"]
[Round "9.18"]
[White "Davtyan, Artur"]
[Black "Hakobyan, Hovhannes H."]
[Result "1/2-1/2"]
[WhiteElo "2239"]
[BlackElo "2161"]
[WhiteFideId "13308327"]
[BlackFideId "13306308"]
[EventDate "2016.06.16"]

1. d4 Nf6 2. c4 g6 3. Nc3 Bg7 4. Nf3 O-O 5. g3 d6 6. Bg2 Nbd7 7. O-O e5 8. h3
exd4 9. Nxd4 Re8 10. e4 a6 11. Re1 Rb8 12. Bf4 Ne5 13. Bf1 Bd7 14. Rc1 Qc8 15.
Kh2 h5 16. Nf3 Bc6 17. Nxe5 dxe5 18. Bg5 Nxe4 19. Nxe4 Bxe4 20. Rxe4 Qf5 21. Bg2
Qxg5 22. h4 Qe7 23. Re2 f5 24. Bxb7 Kh7 1/2-1/2

[Event "9th Asrian Memorial 2016"]
[Site "Yerevan ARM"]
[Date "2016.06.24"]
[Round "9.19"]
[White "Avetisyan, Mariam"]
[Black "Tiraturyan, David"]
[Result "1-0"]
[WhiteElo "2050"]
[BlackElo "2235"]
[WhiteFideId "13307622"]
[BlackFideId "13304402"]
[EventDate "2016.06.16"]

1. d4 d6 2. c4 g6 3. Nc3 Bg7 4. Nf3 Bg4 5. Bf4 Bxf3 6. gxf3 Nd7 7. Bh3 e6 8. Qd2
a6 9. e4 c5 10. d5 e5 11. Bg5 Ne7 12. Na4 Nf6 13. b4 b5 14. Nb2 O-O 15. bxc5
dxc5 16. O-O h6 17. Bxh6 Bxh6 18. Qxh6 Nh5 19. Kh1 Nf4 20. Rg1 Qd6 21. Rg4 Qf6
22. Rd1 bxc4 23. Nxc4 Rab8 24. Rgg1 Rb4 25. Bf1 Nfxd5 26. Rg3 Nc3 27. Rd7 Qf4
28. Qh3 Qf6 29. Ne3 Re8 30. Ng4 Qg7 31. Qh4 Kf8 32. Nf6 Nf5 33. Qg5 Nxg3+ 34.
fxg3 Rd4 35. Rc7 Rdd8 36. Bc4 Nb5 37. Rxf7+ Qxf7 38. Nh7+ Kg7 39. Bxf7 1-0

[Event "9th Asrian Memorial 2016"]
[Site "Yerevan ARM"]
[Date "2016.06.24"]
[Round "9.21"]
[White "Movsisyan, Vardan"]
[Black "Karapetyan, Lusine"]
[Result "0-1"]
[WhiteElo "2179"]
[BlackElo "1961"]
[WhiteFideId "13301799"]
[BlackFideId "13303163"]
[EventDate "2016.06.16"]

1. e4 e5 2. Nf3 Nc6 3. Bb5 a6 4. Ba4 Nf6 5. d3 b5 6. Bb3 Be7 7. O-O O-O 8. Nc3
d6 9. h3 Na5 10. Bg5 Nxb3 11. axb3 Bb7 12. Bxf6 Bxf6 13. Ne2 d5 14. Ng3 g6 15.
Re1 Bg7 16. Qd2 c5 17. b4 Qd6 18. bxc5 Qxc5 19. exd5 Qxd5 20. Qb4 Rac8 21. Re2
f5 22. Rae1 Rfe8 23. Nf1 e4 24. dxe4 Rxe4 25. Rxe4 fxe4 26. N3d2 Rxc2 27. Nxe4
Qf7 28. f3 Rxb2 29. Qa5 Qd7 30. Nfd2 Qd4+ 31. Kh2 Be5+ 32. Kh1 Qd5 33. Qa3 b4
34. Qe3 b3 35. Nf6+ Bxf6 36. Qe8+ Kg7 37. Re7+ Bxe7 38. Qxe7+ Qf7 39. Qe5+ Qf6 0-1

[Event "9th Asrian Memorial 2016"]
[Site "Yerevan ARM"]
[Date "2016.06.24"]
[Round "9.22"]
[White "Babayan, Armine"]
[Black "Sargsyan, Anna M."]
[Result "0-1"]
[WhiteElo "2169"]
[BlackElo "1948"]
[WhiteFideId "13304135"]
[BlackFideId "13308130"]
[EventDate "2016.06.16"]

1. e4 c6 2. d4 d5 3. Nc3 dxe4 4. Nxe4 Nd7 5. Bc4 Ngf6 6. Nxf6+ Nxf6 7. Ne2 Bf5
8. c3 e6 9. Ng3 Bg6 10. h4 h6 11. Qf3 Be7 12. Bf4 Qb6 13. O-O-O O-O-O 14. h5 Bh7
15. Bd3 Bxd3 16. Rxd3 Nd5 17. Bd2 Qa6 18. Kb1 Nb6 19. Bc1 Nc4 20. Rhd1 Rhf8 21.
Qe2 Rd7 22. Rf3 Bd6 23. b3 Na3+ 24. Bxa3 Qxa3 25. Ne4 Rfd8 26. Qb2 Qxb2+ 27.
Kxb2 Bf8 28. Re1 f6 29. b4 b6 30. Kb3 Rd5 31. Ng3 a5 32. a3 Kd7 33. Ne2 Bd6 34.
g4 c5 35. dxc5 bxc5 36. c4 Rd2 37. b5 Be5 38. Nc3 Kc7 39. Ree3 R8d4 40. Na4 Rxg4
41. Rxe5 fxe5 42. Nxc5 Kd6 43. Na6 a4+ 44. Kxa4 Rxc4+ 45. Ka5 e4 46. Rf7 Rd3 47.
Kb6 Rxa3 48. Nb8 Rf3 49. Rd7+ Ke5 50. Nc6+ Kf6 51. Rd2 Rc1 52. Kc7 Rb3 53. b6
Rcb1 54. Rd4 Rxb6 55. Rxe4 Rb7+ 56. Kc8 R7b2 57. Nd4 e5 58. Nc6 Rc2 0-1

[Event "9th Asrian Memorial 2016"]
[Site "Yerevan ARM"]
[Date "2016.06.24"]
[Round "9.23"]
[White "Arakelyan, Nare"]
[Black "Yeritsyan, Hayk"]
[Result "1-0"]
[WhiteElo "1766"]
[BlackElo "2082"]
[WhiteFideId "13307657"]
[BlackFideId "13307320"]
[EventDate "2016.06.16"]

1. e4 c5 2. Nc3 d6 3. Nge2 Nc6 4. g3 g6 5. Bg2 Bg7 6. O-O Rb8 7. d3 b5 8. Bd2 b4
9. Nd5 Bxb2 10. Rb1 Bg7 11. f4 Nd4 12. c3 Nxe2+ 13. Qxe2 a5 14. e5 dxe5 15. fxe5
Bb7 16. c4 e6 17. Qf2 Qd7 18. Bh3 Ba8 19. Rbe1 Qb7 20. Bg2 Qa7 21. Be3 Rc8 22.
Nb6 Rb8 23. Nxa8 Nh6 24. Bxc5 Qd7 25. Bd6 Ng4 26. Qf4 Qa7+ 27. Kh1 Rxa8 28. Bxa8
Qxa8+ 29. Qe4 Qxe4+ 30. Rxe4 h5 31. c5 Bh6 32. c6 Bd2 33. c7 Kd7 34. Rxf7+ Kc8
35. Rc4 Nh6 36. Re7 Rg8 37. Rc5 Bg5 38. Rh7 1-0

[Event "9th Asrian Memorial 2016"]
[Site "Yerevan ARM"]
[Date "2016.06.24"]
[Round "9.24"]
[White "Gharibyan, Mamikon"]
[Black "Zhylkaidarova, Sholpan"]
[Result "1-0"]
[WhiteTitle "CM"]
[BlackTitle "WFM"]
[WhiteElo "2085"]
[BlackElo "2164"]
[WhiteFideId "13308300"]
[BlackFideId "13700138"]
[EventDate "2016.06.16"]

1. d4 Nf6 2. c4 e6 3. Nc3 Bb4 4. Qc2 d5 5. Nf3 dxc4 6. e3 a6 7. Bxc4 b5 8. Be2
Bb7 9. O-O O-O 10. a3 Be7 11. e4 c5 12. dxc5 Bxc5 13. e5 Nfd7 14. Ne4 Be7 15.
Rd1 Nc6 16. Bg5 Qe8 17. Nd6 Bxd6 18. exd6 Rc8 19. Qd2 f6 20. Be3 Qg6 21. Ne1
Nce5 22. Rac1 Nc4 23. Bxc4 bxc4 24. Qe2 Bd5 25. f3 Rb8 26. Bd4 Rfd8 27. Nc2 Nb6
28. Nb4 Rxd6 29. Bc5 Rdd8 30. Nc6 Bxc6 31. Qxe6+ Qf7 32. Rxd8+ Rxd8 33. Qxc6 Na8
34. Qxa6 Nc7 35. Qc6 Ne6 36. Bb6 Rd2 37. Qxc4 Rxb2 38. Qc8+ Nf8 39. Bc5 h6 40.
Bxf8 Qxf8 41. Qe6+ Kh7 42. Rc8 Rb1+ 43. Kf2 Rb2+ 44. Kf1 Rb1+ 45. Ke2 Rb2+ 46.
Kf1 Rb1+ 47. Kf2 Rb2+ 48. Kg3 Rb6 49. Qf5+ g6 50. Rxf8 gxf5 51. Ra8 Rb2 52. Ra7+
Kg6 53. a4 Ra2 54. a5 Ra4 55. a6 f4+ 56. Kh3 Ra5 57. Ra8 Kg7 58. Kh4 Ra2 59. a7
Ra5 60. Kg4 Ra4 61. Kf5 Ra2 62. Kxf4 Ra5 63. g4 Ra4+ 64. Kg3 Ra3 65. h3 Ra4 66.
f4 Ra3+ 67. Kh4 Ra5 68. Kg3 Ra3+ 69. Kf2 Ra2+ 70. Ke3 Ra1 71. h4 Ra4 72. g5 hxg5
73. hxg5 fxg5 74. f5 Ra3+ 75. Kf2 Ra2+ 76. Kg3 Ra3+ 77. Kg4 Ra4+ 78. Kh5 Ra5 79.
Kg4 Ra4+ 80. Kf3 Ra3+ 81. Ke2 Ra2+ 82. Ke3 Ra3+ 83. Kd2 Ra2+ 84. Kc1 Ra6 85. f6+ 1-0

[Event "9th Asrian Memorial 2016"]
[Site "Yerevan ARM"]
[Date "2016.06.24"]
[Round "9.25"]
[White "Golikov, Daniil"]
[Black "Golikov, Sergei"]
[Result "1-0"]
[WhiteElo "2142"]
[BlackElo "1774"]
[WhiteFideId "24170623"]
[BlackFideId "34103330"]
[EventDate "2016.06.16"]

1. c4 Nf6 2. Nc3 e5 3. e4 Bb4 4. d3 c6 5. Qa4 Bxc3+ 6. bxc3 O-O 7. Nf3 d5 8.
cxd5 cxd5 9. Be2 dxe4 10. dxe4 Qc7 11. Qc2 Nc6 12. O-O Nd4 13. Nxd4 exd4 14. c4
Bg4 15. f3 Qc5 16. Kh1 Be6 17. a4 Rfc8 18. Ba3 Qe5 19. Rfd1 Rc7 20. Bb2 Rd8 21.
Rd2 Nh5 22. Rad1 Nf4 23. Bxd4 Rxd4 24. Rxd4 h5 25. Bf1 h4 26. Qf2 Qg5 27. e5
Qxe5 28. Qxh4 g5 29. Rd8+ 1-0

[Event "9th Asrian Memorial 2016"]
[Site "Yerevan ARM"]
[Date "2016.06.24"]
[Round "9.26"]
[White "Matevosyan, Sedrak"]
[Black "Korniyuk, Mariya"]
[Result "1-0"]
[BlackTitle "WFM"]
[WhiteElo "2077"]
[BlackElo "2082"]
[WhiteFideId "13302035"]
[BlackFideId "14118874"]
[EventDate "2016.06.16"]

1. c4 e6 2. g3 Nf6 3. Bg2 d5 4. d4 Be7 5. Nf3 O-O 6. O-O b6 7. Ne5 Bb7 8. Qa4
Ne4 9. Rd1 f6 10. Nd3 Qc8 11. Nc3 Nxc3 12. bxc3 Bc6 13. Qb3 Qa6 14. Nb2 dxc4 15.
Qxc4 Qxc4 16. Nxc4 Bxg2 17. Kxg2 Nd7 18. a4 c5 19. Bf4 cxd4 20. cxd4 Rac8 21.
Nd6 Rc6 22. Nb5 a6 23. Na7 Rc4 24. Rdc1 Rxc1 25. Rxc1 Ba3 26. Rc3 Bb2 27. Rc7
Rf7 28. Nc6 e5 29. dxe5 Nxe5 30. Rc8+ Rf8 31. Rc7 Re8 32. Nb4 a5 33. Nd5 Rb8 34.
Be3 b5 35. Ba7 Rd8 36. Ne7+ Kh8 37. axb5 a4 38. Bc5 a3 39. Ra7 h5 40. Bxa3 Bxa3
41. Rxa3 Rb8 42. Rb3 Rb7 43. Nd5 1-0

[Event "9th Asrian Memorial 2016"]
[Site "Yerevan ARM"]
[Date "2016.06.24"]
[Round "9.27"]
[White "Hairapetian, Anna"]
[Black "Mashalov, Aliniyaz"]
[Result "1-0"]
[WhiteTitle "WIM"]
[WhiteElo "2184"]
[BlackElo "1680"]
[WhiteFideId "13303554"]
[BlackFideId "14004003"]
[EventDate "2016.06.16"]

1. e4 e6 2. d4 d5 3. e5 b6 4. Nf3 Qd7 5. c3 Ba6 6. Bxa6 Nxa6 7. Qe2 Nb8 8. Bf4
Nc6 9. O-O Nge7 10. Nbd2 Ng6 11. Bg3 h5 12. h4 Nge7 13. Rfe1 Nf5 14. Bf4 Be7 15.
g3 O-O-O 16. b4 Nb8 17. a4 Qc6 18. Rec1 Rde8 19. b5 Qd7 20. a5 Kb7 21. Nb3 f6
22. exf6 gxf6 23. Qa2 Bd6 24. axb6 axb6 25. c4 Bxf4 26. c5 Qxb5 27. cxb6 Qxb6
28. Nc5+ Kc8 29. Rcb1 Nxd4 30. Rxb6 Nxf3+ 31. Kg2 cxb6 32. Na4 Nxh4+ 33. gxh4
Bc7 34. Qb3 Nd7 35. Rc1 Rhg8+ 36. Kh1 Rg4 37. Nxb6+ Nxb6 38. Qxb6 Rc4 39. Qa6+
Kd7 40. Rxc4 dxc4 41. Qxc4 Be5 42. Qd3+ Kc6 43. Qf3+ Kd6 44. Qxh5 Rc8 45. Qe2
Rh8 46. h5 Ke7 47. Qg4 f5 48. Qg6 Ra8 49. Qh7+ Kd6 50. Qf7 Rh8 51. h6 f4 52. h7
Kd5 53. Qd7+ Bd6 54. Qb7+ Kd4 55. Qb2+ Ke4 56. Qxh8 Be5 57. Qxe5+ 1-0

[Event "9th Asrian Memorial 2016"]
[Site "Yerevan ARM"]
[Date "2016.06.24"]
[Round "9.28"]
[White "Kshtoyan, Indat"]
[Black "Nanyan, Georgy"]
[Result "1-0"]
[WhiteElo "1939"]
[BlackElo "1570"]
[WhiteFideId "13304801"]
[BlackFideId "13310100"]
[EventDate "2016.06.16"]

1. d4 Nf6 2. c4 e6 3. Nf3 b6 4. g3 Bb7 5. Bg2 c5 6. O-O cxd4 7. Nxd4 Bxg2 8.
Kxg2 Be7 9. Nc3 O-O 10. e4 Qc7 11. Qe2 Nc6 12. Be3 Rac8 13. b3 Qe5 14. f4 Nxd4
15. fxe5 Nxe2 16. exf6 Nxc3 17. fxe7 Rfe8 18. Kf3 f5 19. exf5 exf5 20. Bd4 Ne4
21. Kf4 g6 22. g4 Rxe7 23. gxf5 Rf8 24. Kg4 h5+ 25. Kh3 gxf5 26. Kh4 f4 27. Rf3
Rf5 28. Rg1+ Kf8 29. Be3 Rg7 30. Rxg7 Kxg7 31. Rxf4 Rxf4+ 32. Bxf4 Kg6 33. Bb8
a6 34. Ba7 b5 35. cxb5 axb5 36. a4 Nd2 37. axb5 Nxb3 38. Be3 Na5 39. b6 Nb7 40.
Bd4 Na5 41. Kg3 Kf5 42. Kf3 Nb3 43. Ke3 Na5 44. Kd3 d5 45. Bc3 Nb7 46. Kd4 Ke6
47. Bb4 Nd8 48. Kc5 Ke5 49. Bc3+ Ke6 50. Be1 d4 51. Kxd4 Kd6 52. Ke4 1-0

[Event "9th Asrian Memorial 2016"]
[Site "Yerevan ARM"]
[Date "2016.06.24"]
[Round "9.31"]
[White "Gavrish, Leonid"]
[Black "Hakobyan, Yurik L."]
[Result "1-0"]
[WhiteElo "2212"]
[BlackElo "1544"]
[WhiteFideId "14110040"]
[BlackFideId "13308866"]
[EventDate "2016.06.16"]

1. d4 d5 2. c4 e6 3. Nc3 c6 4. e4 Qa5 5. cxd5 cxd5 6. e5 Bb4 7. Bd2 Nc6 8. a3
Bxc3 9. Bxc3 Qc7 10. Nf3 Nge7 11. Bd3 h6 12. Rc1 a6 13. O-O O-O 14. Bb1 g6 15.
Bd2 Kg7 16. h4 Ng8 17. h5 Bd7 18. Nh4 Be8 19. Qg4 Qe7 20. hxg6 f5 21. exf6+ Rxf6
22. Rfe1 Qd6 23. g3 Bd7 24. Bf4 e5 25. dxe5 Bxg4 26. exd6 Re6 27. Rxe6 Bxe6 28.
Re1 Kf6 29. f3 Re8 30. g4 Bd7 31. Rxe8 Bxe8 32. Bf5 Nd4 33. d7 Bxd7 34. Bxd7
Ne2+ 35. Kf1 Nxf4 36. Bc8 b6 37. Bxa6 Ne7 38. Ke1 Nexg6 39. Nxg6 Nxg6 40. Ke2
Ke5 41. Ke3 d4+ 42. Kd3 Nf4+ 43. Kc4 Ng2 44. Bb7 Ne1 45. Be4 Ng2 46. Kb5 Ne3 47.
a4 Nxg4 48. Kxb6 Nf2 49. Bb1 d3 50. a5 d2 51. Bc2 d1=Q 52. Bxd1 Nxd1 53. a6 Nxb2
54. a7 Nc4+ 55. Kc5 Nd6 56. a8=Q 1-0